Fundamentals of Physical geography (Record no. 169690)

MARC details
000 -LEADER
fixed length control field 00367nam a2200145Ia 4500
008 - FIXED-LENGTH DATA ELEMENTS--GENERAL INFORMATION
fixed length control field 230917s9999||||xx |||||||||||||| ||und||
040 ## - CATALOGING SOURCE
-- 196990
Original cataloging agency VIVEKANANDA LIBRARY
041 ## - Language
-- English
082 ## - DDC NUMBER
Classification number 910.02 P442F
100 ## - MAIN ENTRY--PERSONAL NAME
Personal name Petersen, James F
245 #0 - TITLE STATEMENT
Title Fundamentals of Physical geography
260 ## - PUBLICATION, DISTRIBUTION, ETC. (IMPRINT)
Place of publication, distribution, etc Belmont
Name of publisher, distributor, etc Cengage Learning
Date of publication, distribution, etc 2011
300 ## - PHYSICAL DESCRIPTION
Pages 479 p.
942 ## - ADDED ENTRY ELEMENTS (KOHA)
Koha item type Books
Holdings
Withdrawn status Lost status Damaged status Not for loan Location (home branch) Sublocation or collection (holding branch) Date acquired Koha issues (times borrowed) Koha full call number Accession No. Koha date last seen Koha item type
        VIVEKANANDA LIBRARY VIVEKANANDA LIBRARY 01/03/2012   910.02 P442F 316870 17/09/2023 Books
© Designed and Maintained by Vivekananda Library, MDU Rohtak